000 01185nam0a22002651 4500
001 rc\2183617
005 20260406193235.0
035 _a(NLR Aleph) 006609642
090 _a7335205
_c7335205
100 _a20110829d1978 |||y0rusy50 ca
101 0 _arus
102 _aRU
105 _ay z |||||
200 1 _aКонсультационные материалы для фармацевтов, врачей и медицинских сестер о возможности сочетания нескольких инъекционных растворов при совместном введении в одном шприце
_fАптеч. упр. Свердл. облисполкома. Свердл. науч. о-во фармацевтов
210 _aСвердловск
_cБ. и.
_d1978
215 _a15 с.
_d19
320 _aБиблиогр.: с. 15
712 0 2 _aСвердловское областное аптечное управление
_9407966
_3RU\NLR\AUTH\889955925
801 0 _aRU
_bNLR
_gpsbo
801 1 _aRU
_bELAR
_2rusmarc
852 _aNLR
_j78-4/23557
899 _aRuMoRGB
_jM 78-12/4472
899 _aRuMoRGB
_jM 81-18/2750
942 _cBOOK
980 _aNB